[Event "GRE-ch South U10"]
[Site "Athens"]
[Date "2020.09.03"]
[Round "9"]
[White "Koutsoukis, Georgios A"]
[Black "Tzortzatos, Konstantinos"]
[Result "1-0"]
[WhiteElo "1354"]
[BlackElo "1087"]
[PlyCount "33"]
[EventDate "2020.08.28"]
[EventType "swiss"]
[EventRounds "9"]
[EventCountry "GRE"]
[SourceTitle "EXT 2023"]
[Source "ChessBase"]
[SourceDate "2022.10.05"]
[SourceVersion "1"]
[SourceVersionDate "2022.10.05"]
[SourceQuality "1"]

1. d4 e6 2. c4 Nf6 3. Nf3 d5 4. Nc3 c5 5. e3 Nc6 6. Bd3 b6 7. cxd5 exd5 8. 0-0 g6 9. Re1 Be6 10. Bc2 Bg7 11. Ba4 Qd7 12. Ne5 Qc8 13. Bxc6+ Bd7 14. Bxa8 Qxa8 15. Nxd7 Nxd7 16. dxc5 bxc5 17. Qxd5 1-0